| 000 | 00372nam a2200157Ia 4500 | ||
|---|---|---|---|
| 008 | 210210b1911 xxu||||| |||| 00| 0 eng d | ||
| 041 | _aeng | ||
| 082 | _a534/115 | ||
| 100 | _aTROTTER (Alexander Pelham) | ||
| 245 | _aIllumination | ||
| 260 |
_aLondon _bMacmillan & Co. Ltd. _c1911 |
||
| 300 | _a292 | ||
| 650 | _aIllumination | ||
| 690 | _aPhysics | ||
| 906 | _a008603 | ||
| 999 |
_c126565 _d126565 |
||